Statistics for Name Entomologies of Canadian Provinces

Click here to take the quiz!

General Stats

  • This quiz has been taken 17 times
  • The average score is 11 of 13

Answer Stats

LanguageMeaningProvince/Territory% Correct
Latin/EnglishCombination of British rule and the name of the main drainage river in the region, itself referencing an Italian explorerBritish Columbia
94%
Latin"New Scotland"Nova Scotia
94%
Algonquin, Mi'kmaq, or Ojibwe"Where the river narrows", in reference to a point where the St. Lawrence river narrowsQuebec
94%
Inuktitut"Our land"Nunavut
88%
Iroquoian or Wyandot"Great lake", in reference to one of the Great LakesOntario
88%
LatinNamed for Queen Victoria's 4th daughter Princess Louise Caroline _____Alberta
82%
Cree, Ojibwe, or Assiniboine"Great Lake of the Prairie", in reference to the regions most important lakeManitoba
82%
Portugese"new land" + the surname of a Portuguese explorerNewfoundland
and Labrador
82%
EnglishNamed for the Duke of Kent and Strathearn,Prince Edward Island
82%
Gwichʼin"White water river"Yukon
82%
Cree"Swift flowing river"Saskatchewan
76%
GermanNamed for a German region that was in union with Britain and IrelandNew Brunswick
71%
EnglishRefers to the territory's relative position to Rupert's LandNorthwest Territories
65%

Score Distribution

Percentile by Number Answered

Percent of People with Each Score

Your Score History

You have not taken this quiz